Organizational Behavior: Integrating Individuals Groups and Organizations Paperback (Record no. 8605)

MARC details
000 -LEADER
fixed length control field 00368nam a2200133Ia 4500
008 - FIXED-LENGTH DATA ELEMENTS--GENERAL INFORMATION
fixed length control field 260604s9999 xx 000 0 und d
020 ## - INTERNATIONAL STANDARD BOOK NUMBER
International Standard Book Number 9780415804646
082 ## - DEWEY DECIMAL CLASSIFICATION NUMBER
Classification number 658.3 CHA
100 ## - MAIN ENTRY--PERSONAL NAME
Personal name Joseph e. champoux
9 (RLIN) 35775
245 #0 - TITLE STATEMENT
Title Organizational Behavior: Integrating Individuals Groups and Organizations Paperback
260 ## - PUBLICATION, DISTRIBUTION, ETC.
Name of publisher, distributor, etc. CRC Press
500 ## - GENERAL NOTE
General note OB
942 ## - ADDED ENTRY ELEMENTS (KOHA)
Koha item type Book
Holdings
Date last seen Total Checkouts Full call number Barcode Cost, replacement price Price effective from Koha item type Lost status Damaged status Not for loan Withdrawn status Home library Current library Shelving location Date acquired Cost, normal purchase price BOOK NO
06/04/2026   658.3 CHA 004223 5802.87 06/04/2026 Book         Indian Institute of Management Visakhapatnam Indian Institute of Management Visakhapatnam   06/04/2026 5802.87 CHA

Copyright © 2024 Indian Institute of Management Visakhapatnam
Koha v23.05